ILLIT Songs - Sudden Death - Statistics

General Stats
  • This quiz has been taken 85 times
  • The average score is 13 of 15
Answers on the Grid
Answers color-coded by a green-red scale on the quiz's grid according to % correct below.
Almond Chocolate
apple
Billyeoon Goyangi (Do the Dance)
Birthday Surprise
Cherish (My Love)
cool
Fly Away
Glow Up
Illusion
It's Me
IYKYK (If You Know You Know)
jellyous
Little Bird
Lucky Girl Syndrome
Magnetic
Mamihlapinatapai
MERRY-GO-ROUND
Miracle
My World
NOT CUTE ANYMORE
NOT ME
oops!
paw, paw!
Shooting Star
sour
Squeeze Me Tight
SWEET TOOTH
TEN
The Mad Hatter
Tick-Tack
 
Answer Stats
Answer % Correct
Billyeoon Goyangi (Do the Dance)
98%
Cherish (My Love)
96%
jellyous
96%
NOT CUTE ANYMORE
96%
Magnetic
94%
Tick-Tack
94%
Lucky Girl Syndrome
92%
Almond Chocolate
90%
IYKYK (If You Know You Know)
84%
My World
82%
Mamihlapinatapai
80%
oops!
80%
NOT ME
78%
It's Me
73%
paw, paw!
63%
No matching quizzes found
Score Distribution
Percent of People with Each Score
Percentile by Number Answered
Your Score History
You have not taken this quiz